| 000 | 00705nam a2200205 i 4500 | ||
|---|---|---|---|
| 001 | 148421 | ||
| 003 | ES-MaACL | ||
| 005 | 20250315182521.0 | ||
| 007 | t| | ||
| 008 | 070214s1964 sp r ||||1| spa d | ||
| 100 | 1 |
_aStrauss, Leo. _9108400 |
|
| 245 | 1 | 0 |
_aMeditación sobre Maquiavelo / _cLeo Strauss ; traducción de Carmela Gutiérrez de Gambra. |
| 260 |
_aMadrid : _bInstituto de Estudios Políticos, _c1964 ( _fDomenech) |
||
| 300 |
_a434 p. ; _c21 cm. |
||
| 600 | 1 | 4 |
_aMachiavelli, Niccolò, _d1469-1527 _975181 |
| 700 | 1 |
_aGutiérrez de Gambra, Carmen. _961119 |
|
| 710 | 2 |
_aInstituto de Estudios Políticos (Madrid) _94924 |
|
| 852 |
_aES-MaACL _jL-2481 _bR.103449 |
||
| 999 |
_c148421 _d148421 |
||